000 01600cam a22002895a 4500
008 240810t2024 xxk fo 000 0 eng d
020 _a9781783215348
041 0 _aeng
110 2 _aRoyal Institution of Chartered Surveyors
_94900
245 0 0 _aDefects and rectifications
250 _a2nd ed.
260 _aLondon,
_bRICS,
_cAugust 2024
300 _a32 p.
490 0 _aRICS Practice Information
490 0 _aRICS Black Book
520 _aOriginally published as a guidance note in 2013 this document has been rewritten as practice information, so as to account for changes in legislation, case law and construction contracts introduced since 2013. This practice information is aimed at construction professionals who manage the identification and rectification of defective construction work when it occurs or those who have to address the consequences of this defective work. Such defects may emerge during construction, during a contractual defects ‘rectification’ or ‘liability' period, or at some point after all other contractual obligations have been completed.
520 _aSupersedes 2013 first edition ISBN 9781783210367
521 _aAdvanced
650 2 4 _aLATENT DEFECTS
650 2 4 _aBLACK BOOK
650 2 4 _aRICS QS AND CONSTRUCTION STANDARDS
651 4 _aEngland
651 4 _aWales
690 _aBuilding materials and defects
856 4 1 _uhttps://www.rics.org/profession-standards/rics-standards-and-guidance/sector-standards/construction-standards/black-book/defects-and-rectifications-2nd-edition
_zAvailable on RICS.org
942 _n0
_2ddc
999 _c121983
_d121983